[Event "USA-ch15 prel 01 corr"]
[Site "USA"]
[Date "2000.06.20"]
[Round "?"]
[White "Tempske, Anthony"]
[Black "Tuttle, Dale"]
[Result "1/2-1/2"]
[WhiteElo "2261"]
[BlackElo "2115"]
[PlyCount "59"]
[EventDate "2000.06.20"]
[EventType "tourn (corr)"]
[EventRounds "12"]
[EventCountry "USA"]
[SourceTitle "Corr 2006"]
[Source "ChessBase"]
[SourceDate "2006.04.01"]
[SourceVersion "3"]
[SourceVersionDate "2006.04.01"]
[SourceQuality "1"]

1. d4 d5 2. Bg5 h6 3. Bh4 c6 4. Nf3 Qb6 5. Qc1 g5 6. Bg3 g4 7. Ne5 Qxd4 8. Nc3 Nd7 9. e3 Qb6 10. Nd3 Bg7 11. Qd2 Ngf6 12. f3 h5 13. 0-0-0 h4 14. Bf4 Nf8 15. Na4 Qd8 16. h3 g3 17. Be5 Ng6 18. Bd4 Qc7 19. Qc3 Rh5 20. Qa3 b5 21. Nb6 Rb8 22. Nxc8 Rxc8 23. f4 e6 24. Be2 Rh7 25. Kb1 a5 26. Nc5 Nd7 27. Nxd7 Qxd7 28. Bxg7 Rxg7 29. Qxa5 Kf8 30. c4 1/2-1/2

[Event "USA-ch15 prel 01 corr"]
[Site "USA"]
[Date "2000.06.20"]
[Round "?"]
[White "Tuttle, Dale"]
[Black "Gach, Andrew"]
[Result "0-1"]
[WhiteElo "2115"]
[BlackElo "2323"]
[PlyCount "90"]
[EventDate "2000.06.20"]
[EventType "tourn (corr)"]
[EventRounds "12"]
[EventCountry "USA"]
[SourceTitle "Corr 2006"]
[Source "ChessBase"]
[SourceDate "2006.04.01"]
[SourceVersion "3"]
[SourceVersionDate "2006.04.01"]
[SourceQuality "1"]

1. d4 Nf6 2. c4 c5 3. d5 b5 4. cxb5 a6 5. b6 d6 6. Nc3 Qxb6 7. Nf3 g6 8. e4 Bg7 9. Be2 Nbd7 10. Nd2 Qc7 11. a4 0-0 12. 0-0 Rb8 13. a5 Rd8 14. Nc4 Ne5 15. Nb6 Bb7 16. f4 Ned7 17. Nc4 Re8 18. Bf3 Red8 19. Be3 Re8 20. Qd3 Bc8 21. Qc2 Rb4 22. Na4 e6 23. Bd2 exd5 24. exd5 Rb8 25. Rfe1 Rxe1+ 26. Rxe1 Bb7 27. Qd3 Nxd5 28. Bxd5 Bd4+ 29. Be3 Bxd5 30. Ncb6 Bxe3+ 31. Rxe3 Nxb6 32. Nxb6 Bb7 33. f5 d5 34. Nxd5 Bxd5 35. Qxd5 Qxa5 36. h4 Qb4 37. fxg6 hxg6 38. Re4 Qxb2 39. Rg4 Qb6 40. h5 c4+ 41. Kh1 Qc7 42. g3 Rb1+ 43. Kh2 Rb5 44. Rxg6+ Kh7 45. Rc6 Qxg3+ 0-1

[Event "USA-ch15 prel 01 corr"]
[Site "USA"]
[Date "2000.06.20"]
[Round "?"]
[White "Tuttle, Dale"]
[Black "Greene, Sanford I"]
[Result "1/2-1/2"]
[WhiteElo "2115"]
[BlackElo "2258"]
[PlyCount "53"]
[EventDate "2000.06.20"]
[EventType "tourn (corr)"]
[EventRounds "12"]
[EventCountry "USA"]
[SourceTitle "Corr 2006"]
[Source "ChessBase"]
[SourceDate "2006.04.01"]
[SourceVersion "3"]
[SourceVersionDate "2006.04.01"]
[SourceQuality "1"]

1. d4 Nf6 2. c4 e6 3. g3 d5 4. Bg2 dxc4 5. Nf3 c5 6. 0-0 Nc6 7. Ne5 Bd7 8. Na3 cxd4 9. Naxc4 Nxe5 10. Nxe5 Qb6 11. Nxd7 Nxd7 12. Qa4 Bc5 13. Rd1 Rd8 14. Rd3 0-0 15. Qd1 Qa6 16. b4 Bxb4 17. Rxd4 Bc3 18. Rd6 Qxd6 19. Qxd6 Bxa1 20. Ba3 Ne5 21. Qc7 Rfe8 22. Qc1 Bd4 23. Bxb7 Rb8 24. Qc4 Red8 25. Be4 Rbc8 26. Qa4 h6 27. Qa6 1/2-1/2